[Event "Open Swiss 110th anniversary tournament"]
[Site "?"]
[Date "2020.02.08"]
[Round "1.1"]
[White "Jan Brønnum (DEN)"]
[Black "GM Chongsheng Zeng (CHN)"]
[Result "0-1"]
[WhiteElo "2034"]
[BlackElo "2567"]
[PlyCount "48"]
[EventDate "2020.??.??"]

1. d4 Nf6 2. Bf4 e6 3. e3 b6 4. Nd2 Bb7 5. Ngf3 Be7 6. h3 O-O 7. Bd3 c5 8. O-O
d6 9. Qe2 Nd5 10. c3 cxd4 11. cxd4 Nxf4 12. exf4 g6 13. Rfc1 Bf6 14. Bb5 a6 15.
Ba4 b5 16. Bb3 Nc6 17. Ne4 Nxd4 18. Nxf6+ Qxf6 19. Nxd4 Qxd4 20. Rc7 Qb6 21.
Rc3 Rac8 22. Rd3 a5 23. Rad1 Qc6 24. f3 a4 0-1

[Event "Open Swiss 110th anniversary tournament"]
[Site "?"]
[Date "2020.02.08"]
[Round "1.10"]
[White "FM Mikkel M. Jacobsen (DEN)"]
[Black "FM Daniel Andersen (DEN)"]
[Result "1-0"]
[WhiteElo "2315"]
[BlackElo "1806"]
[PlyCount "55"]
[EventDate "2020.??.??"]

1. d4 Nf6 2. c4 g6 3. h4 h5 4. Nc3 d5 5. Bg5 dxc4 6. e4 Bg7 7. Bxc4 O-O 8. Nge2
c5 9. d5 Nbd7 10. Bb3 a6 11. f4 Ng4 12. d6 Bf6 13. e5 Bxg5 14. hxg5 exd6 15.
Qxd6 Qb6 16. Qxb6 Nxb6 17. Ne4 c4 18. Bc2 Ne3 19. Nf6+ Kg7 20. Be4 Bf5 21. Bxf5
Nxf5 22. g4 Ne3 23. gxh5 Nc2+ 24. Kf2 Nxa1 25. h6+ Kh8 26. f5 Nc2 27. Nf4 Rg8
28. e6 1-0

[Event "Open Swiss 110th anniversary tournament"]
[Site "?"]
[Date "2020.02.09"]
[Round "2.1"]
[White "GM Chongsheng Zeng (CHN)"]
[Black "Peter Birk Petersen (DEN)"]
[Result "1-0"]
[WhiteElo "2567"]
[BlackElo "2117"]
[PlyCount "119"]
[EventDate "2020.??.??"]

1. c4 c5 2. Nc3 Nc6 3. g3 g6 4. Bg2 Bg7 5. Nf3 d6 6. O-O e5 7. d3 Nge7 8. a3
O-O 9. Rb1 f5 10. Bd2 h6 11. b4 g5 12. Na4 cxb4 13. axb4 Ng6 14. b5 Nce7 15.
Qb3 g4 16. Ne1 Kh8 17. Qb4 f4 18. Qa5 Qxa5 19. Bxa5 Nf5 20. Nc2 Nd4 21. Nxd4
exd4 22. Be4 Bf5 23. Bxf5 Rxf5 24. Bc7 Be5 25. b6 axb6 26. Nxb6 Ra2 27. Nc8
Rxe2 28. Nxd6 Bxd6 29. Bxd6 Rf7 30. Rfe1 Rd2 31. Rbd1 Rxd1 32. Rxd1 Kg7 33. Bc5
Rd7 34. Re1 f3 35. Re4 h5 36. h3 gxh3 37. Bxd4+ Kf7 38. Kh2 Re7 39. Kxh3 Rxe4
40. dxe4 Ke6 41. g4 Nf4+ 42. Kh4 Ne2 43. Bb2 hxg4 44. Kxg4 Ng1 45. c5 Kf7 46.
Kf5 Ne2 47. Kg4 Ng1 48. Be5 Ke6 49. Bh2 Ne2 50. Kxf3 Nd4+ 51. Ke3 Nb3 52. f4
Nxc5 53. f5+ Kf6 54. Bd6 Nb3 55. Kf4 Kf7 56. e5 Nd4 57. Ke4 Nc6 58. Kd5 Nd8 59.
e6+ Ke8 60. f6 1-0

[Event "Open Swiss 110th anniversary tournament"]
[Site "?"]
[Date "2020.02.09"]
[Round "2.3"]
[White "Paul Brøndal (DEN)"]
[Black "IM Maxim Barth Stanford (NOR) "]
[Result "0-1"]
[WhiteElo "2074"]
[BlackElo "2339"]
[PlyCount "102"]
[EventDate "2020.??.??"]

1. e4 c5 2. Nf3 Nc6 3. d4 cxd4 4. Nxd4 Nf6 5. Nc3 e5 6. Ndb5 d6 7. Bg5 a6 8.
Na3 b5 9. Nd5 Be7 10. Bxf6 Bxf6 11. c3 O-O 12. Nc2 Rb8 13. Be2 Bg5 14. O-O a5
15. Bg4 Be6 16. g3 Qd7 17. Nce3 Bxe3 18. Nxe3 b4 19. Bxe6 fxe6 20. Qd2 bxc3 21.
bxc3 Rfd8 22. Rab1 Rxb1 23. Rxb1 d5 24. Qd3 d4 25. Nc4 Qc7 26. Rb5 dxc3 27.
Qxc3 Nd4 28. Qxa5 Nxb5 29. Qxb5 Rb8 30. Qa6 Kf7 31. Kg2 Rb4 32. Nd6+ Kg6 33.
Nf5 Qc4 34. Nh4+ Kh5 35. Qa7 Qxe4+ 36. Nf3 Rb7 37. Qa8 Kh6 38. Qd8 Qf5 39. Qd2+
g5 40. h4 Kg7 41. hxg5 Rf7 42. Qe3 e4 43. Qd4+ Kg8 44. Ne5 Rf8 45. Nd7 e3 46.
Nxf8 Qxf2+ 47. Kh3 Qf5+ 48. Kg2 e2 49. Nxe6 e1=N+ 50. Kh1 Qf3+ 51. Kh2 Qg2# 0-1

[Event "Open Swiss 110th anniversary tournament"]
[Site "?"]
[Date "2020.02.09"]
[Round "2.6"]
[White "Sohum Lohia (ENG)"]
[Black "FM Mikkel M. Jacobsen (DEN)"]
[Result "0-1"]
[WhiteElo "2025"]
[BlackElo "2315"]
[PlyCount "82"]
[EventDate "2020.??.??"]

1. e4 c5 2. Nf3 Nf6 3. Nc3 d5 4. exd5 Nxd5 5. Bb5+ Bd7 6. Ne5 Nf6 7. Qf3 Qc8 8.
Nxd7 Nbxd7 9. O-O a6 10. Bxd7+ Qxd7 11. d3 e6 12. Bf4 Be7 13. a4 Rc8 14. Rad1
h5 15. h3 b5 16. axb5 axb5 17. Ne4 Nd5 18. Be5 f6 19. Bh2 e5 20. Ng3 g6 21. c4
Nb4 22. Ne4 Qe6 23. Qg3 g5 24. h4 gxh4 25. Qxh4 Rd8 26. Qg3 Rg8 27. Qf3 Qg4 28.
Qxg4 hxg4 29. f4 f5 30. Ng3 exf4 31. Rxf4 Nxd3 32. Rxf5 bxc4 33. Ne4 Rd4 34.
Ng3 Nxb2 35. Re1 Nd3 36. Re3 c3 37. Ne2 c2 38. Rf1 Nb4 39. Nc1 Rd1 40. Ree1
Rxe1 41. Rxe1 g3 0-1

[Event "Open Swiss 110th anniversary tournament"]
[Site "?"]
[Date "2020.02.09"]
[Round "3.1"]
[White "FM Karsten Larsen (DEN)"]
[Black "GM Chongsheng Zeng (CHN)"]
[Result "0-1"]
[WhiteElo "2235"]
[BlackElo "2567"]
[PlyCount "68"]
[EventDate "2020.??.??"]

1. e4 c5 2. Nf3 d6 3. Bb5+ Nd7 4. c3 Ngf6 5. Qe2 a6 6. Ba4 e5 7. Bc2 g6 8. O-O
Bg7 9. d4 exd4 10. cxd4 O-O 11. Rd1 Re8 12. Nc3 b5 13. dxc5 dxc5 14. Bf4 Bb7
15. e5 Nh5 16. Be3 Bxf3 17. Qxf3 Nxe5 18. Qe2 Qh4 19. Be4 Rac8 20. g3 Qh3 21.
Bg2 Qg4 22. Qf1 Nf3+ 23. Kh1 Nd4 24. Bh3 Qf3+ 25. Bg2 Qf6 26. Nd5 Qe6 27. Rac1
Nf6 28. Bxd4 cxd4 29. Rxc8 Qxc8 30. Rxd4 Qc2 31. Rd1 Ng4 32. Kg1 Nxf2 33. Rc1
Qxb2 34. Rb1 Qxa2 0-1

[Event "Open Swiss 110th anniversary tournament"]
[Site "?"]
[Date "2020.02.09"]
[Round "3.2"]
[White "GM Gukesh D (IND)"]
[Black "IM Mahadevan Siva (IND)"]
[Result "1-0"]
[WhiteElo "2542"]
[BlackElo "2310"]
[PlyCount "93"]
[EventDate "2020.??.??"]

1. c4 Nf6 2. Nc3 g6 3. d4 Bg7 4. e4 d6 5. h3 O-O 6. Be3 e5 7. d5 Na6 8. Nf3 Nh5
9. g3 f5 10. exf5 gxf5 11. Nh4 Nf6 12. Rg1 c6 13. a3 Nc7 14. Qd2 b5 15. Bg5
bxc4 16. Bxc4 cxd5 17. Nxd5 Kh8 18. Bxf6 Rxf6 19. Nxf6 Qxf6 20. Rd1 Bf8 21. Qa5
Be6 22. Be2 Ne8 23. Nf3 Bg7 24. Bb5 Bb3 25. Rd2 Rc8 26. Kf1 Rc5 27. Qb4 Bf7 28.
Bxe8 Bxe8 29. Qb8 Qf8 30. Qxd6 Bb5+ 31. Kg2 Bc6 32. Qxf8+ Bxf8 33. Rd8 Kg7 34.
Rgd1 Rb5 35. Rc8 Bb7 36. Rd7+ Kg8 37. Rxb7 Rxb7 38. Nxe5 Kg7 39. b4 Bd6 40. Nc4
Bc7 41. Kf3 Kf6 42. Ne3 Ke6 43. Re8+ Kf7 44. Rh8 Kg7 45. Rc8 Kg6 46. Rg8+ Kf7
47. Rg5 1-0

[Event "Open Swiss 110th anniversary tournament"]
[Site "?"]
[Date "2020.02.09"]
[Round "3.3"]
[White "IM Maxim Barth Stanford (NOR)"]
[Black "Dennis Jørgensen (DEN)"]
[Result "1-0"]
[WhiteElo "2339"]
[BlackElo "2154"]
[PlyCount "129"]
[EventDate "2020.??.??"]

1. e4 c6 2. d4 d5 3. exd5 cxd5 4. Bd3 Nc6 5. c3 Qc7 6. Ne2 Bg4 7. O-O e6 8. Qe1
Bxe2 9. Qxe2 Bd6 10. Qg4 g6 11. Qh3 Nge7 12. Bg5 h6 13. Bf6 Rh7 14. Nd2 O-O-O
15. Nf3 Rhh8 16. Rac1 Kb8 17. c4 Bf4 18. Rc3 Rhe8 19. g3 dxc4 20. Bxc4 Bg5 21.
Nxg5 hxg5 22. Bb5 Rd5 23. a4 Ka8 24. Qh7 Nf5 25. Rfc1 Nfxd4 26. Bxd4 Rxd4 27.
a5 a6 28. Bxc6 bxc6 29. Rxc6 Qb7 30. Qh3 Rd1+ 31. Rxd1 Qxc6 32. Qf1 Rc8 33. Qd3
g4 34. Qe2 Qb7 35. Qxg4 Qxb2 36. Rd7 Qc1+ 37. Kg2 Qc6+ 38. Qf3 Qxf3+ 39. Kxf3
Rc5 40. Rxf7 Rxa5 41. Kg4 Rf5 42. Re7 Rxf2 43. Rxe6 Rxh2 44. Rxa6+ Kb7 45. Rxg6
Kc7 46. Rg7+ Kd6 47. Kg5 Ke6 48. g4 Rh8 49. Kg6 Ke5 50. g5 Kf4 51. Rf7+ Kg4 52.
Ra7 Rg8+ 53. Kh6 Kf5 54. Rf7+ Ke6 55. g6 Rh8+ 56. Kg7 Rh1 57. Rf2 Rg1 58. Kh7
Ke7 59. g7 Rh1+ 60. Kg8 Rg1 61. Rf4 Rg2 62. Rf3 Rg1 63. Re3+ Kf6 64. Kf8 Ra1
65. Rf3+ 1-0

[Event "Open Swiss 110th anniversary tournament"]
[Site "?"]
[Date "2020.02.09"]
[Round "3.4"]
[White "Thyra Kvendseth (NOR)"]
[Black "IM Jacob Sylvan (DEN)"]
[Result "1/2-1/2"]
[WhiteElo "1889"]
[BlackElo "2335"]
[PlyCount "82"]
[EventDate "2020.??.??"]

1. Nf3 d5 2. d4 Nf6 3. c4 e6 4. Nc3 Be7 5. Bg5 h6 6. Bh4 O-O 7. e3 b6 8. cxd5
Nxd5 9. Bxe7 Nxe7 10. Bd3 Nd7 11. O-O Bb7 12. Rc1 Nd5 13. Qe2 c5 14. Bb1 cxd4
15. Nxd4 N7f6 16. Rfd1 Rc8 17. Nf3 Qe7 18. Nxd5 Nxd5 19. Ne5 Rfd8 20. Rxc8 Rxc8
21. Qd3 f5 22. h3 Nf6 23. Ng6 Qe8 24. Ne5 Rc5 25. Qd6 Bd5 26. Nd3 Rc6 27. Qa3
Qh5 28. Re1 Rc4 29. Nf4 Qf7 30. Nxd5 Nxd5 31. e4 fxe4 32. Bxe4 Nf4 33. Qd6 Qc7
34. Qd2 Kf8 35. Qe3 Qd6 36. Qf3 Kg8 37. Rd1 Qc7 38. Qe3 Rc5 39. Qd2 Rc4 40. Qe3
a5 41. b3 Rc5 1/2-1/2

[Event "Open Swiss 110th anniversary tournament"]
[Site "?"]
[Date "2020.02.09"]
[Round "3.5"]
[White "FM Mikkel M. Jacobsen (DEN)"]
[Black "Richard Lilja (DEN)"]
[Result "1-0"]
[WhiteElo "2315"]
[BlackElo "2123"]
[PlyCount "79"]
[EventDate "2020.??.??"]

1. Nf3 g6 2. e3 Bg7 3. Be2 d6 4. d4 Nd7 5. c4 Ngf6 6. Nc3 O-O 7. O-O e5 8. b4
e4 9. Nd2 Re8 10. Bb2 Nf8 11. Qb3 h5 12. Rfc1 N8h7 13. a4 Ng5 14. a5 h4 15. a6
b6 16. d5 Bf5 17. Nb5 Nd7 18. Bxg7 Kxg7 19. Qb2+ Ne5 20. c5 bxc5 21. bxc5 Qf6
22. Qc3 Kh7 23. Nxc7 Ngf3+ 24. Bxf3 exf3 25. Nxf3 Nxf3+ 26. gxf3 Re5 27. f4 Bh3
28. Kh1 Qf5 29. f3 Rc8 30. cxd6 Ree8 31. d7 Rxc7 32. dxe8=Q Rxc3 33. Rxc3 Qxd5
34. Qe4 Qd2 35. Qc2 Qd5 36. e4 Qd6 37. Qc1 Qd4 38. Qe3 Qb4 39. Rg1 Qb2 40. f5
1-0

[Event "Open Swiss 110th anniversary tournament"]
[Site "?"]
[Date "2020.02.09"]
[Round "3.7"]
[White "Peter Birk Petersen (DEN)"]
[Black "Jesper Schultz-Pedersen (DEN)"]
[Result "0-1"]
[WhiteElo "2117"]
[BlackElo "2058"]
[PlyCount "79"]
[EventDate "2020.??.??"]

1. e4 Nc6 2. Nf3 Nf6 3. e5 Ng4 4. d4 d6 5. h3 Nh6 6. exd6 cxd6 7. d5 Ne5 8.
Nxe5 dxe5 9. Bxh6 gxh6 10. Bb5+ Bd7 11. Qd3 Bg7 12. Nc3 O-O 13. Bxd7 Qxd7 14.
O-O Rfd8 15. Rfd1 Rac8 16. Rab1 a6 17. Rd2 b5 18. a3 Rc4 19. Ne2 Qb7 20. b3 Rc5
21. c4 e6 22. d6 bxc4 23. bxc4 Qc6 24. Rc1 Bf6 25. Rdd1 Bg5 26. Rc2 f5 27. Qb3
Kf7 28. h4 Bxh4 29. f4 Rxd6 30. Rb1 exf4 31. Qb8 Bf6 32. Rb7+ Rd7 33. Rb6 Qe4
34. Ra2 f3 35. gxf3 Qe3+ 36. Kg2 f4 37. Rb7 Rg5+ 38. Kf1 Qxf3+ 39. Ke1 Qxb7 40.
Ra1 0-1

[Event "Open Swiss 110th anniversary tournament"]
[Site "?"]
[Date "2020.02.09"]
[Round "3.8"]
[White "Peter Thorsbro (DEN)"]
[Black "Esben Lauge Sørensen (DEN)"]
[Result "1-0"]
[WhiteElo "2159"]
[BlackElo "1943"]
[PlyCount "52"]
[EventDate "2020.??.??"]

1. d4 d5 2. Bf4 Nf6 3. e3 e6 4. Nd2 Bd6 5. Bg3 b6 6. Ngf3 Bb7 7. Bd3 Ne4 8. c3
Nd7 9. Qe2 O-O 10. Rd1 Ndf6 11. Bb1 Bxg3 12. hxg3 Ng4 13. Nxe4 dxe4 14. Nd2 f5
15. f3 exf3 16. gxf3 Qg5 17. Nf1 Rad8 18. Rh4 Nf6 19. Kf2 h6 20. Qc4 Nd5 21. e4
fxe4 22. Bxe4 Qf6 23. Nd2 g5 24. Rh5 Ne3 25. Kxe3 Bxe4 26. fxe4 Qf2+ 1-0

[Event "Open Swiss 110th anniversary tournament"]
[Site "?"]
[Date "2020.02.09"]
[Round "3.9"]
[White "Michael O. Marshall (DEN)"]
[Black "Søren Bull Andersen (DEN)"]
[Result "0-1"]
[WhiteElo "1863"]
[BlackElo "2100"]
[PlyCount "102"]
[EventDate "2020.??.??"]

1. d4 d6 2. Nf3 Nf6 3. b3 c6 4. Bb2 Bg4 5. Nbd2 Nbd7 6. h3 Bh5 7. e3 Qa5 8. c3
e5 9. Qc2 Be7 10. Bd3 Nd5 11. a3 Bg6 12. c4 N5f6 13. O-O O-O 14. Bxg6 hxg6 15.
Rad1 Rad8 16. Rfe1 Rfe8 17. dxe5 Nxe5 18. Nxe5 dxe5 19. b4 Qc7 20. Qc3 Bf8 21.
e4 c5 22. b5 Rd7 23. Qc2 Red8 24. Nf3 Bd6 25. Bc3 Ne8 26. Qb2 f6 27. Rd2 Qc8
28. Red1 Nc7 29. Nh2 Ne6 30. Nf1 Nd4 31. Ne3 b6 32. Nd5 Rf7 33. Qb1 Kh7 34. Qd3
Rh8 35. f3 Kg8 36. Rf1 f5 37. Rdf2 f4 38. a4 Qd8 39. Bxd4 cxd4 40. Qd1 Qg5 41.
Kh1 Rh5 42. Qd3 Qg3 43. Rc2 g5 44. Rcf2 g4 45. Qd2 gxh3 46. Kg1 Bc5 47. Qd3 g5
48. Rd2 Rh6 49. Rff2 hxg2 50. Rxg2 Qe1+ 51. Qf1 Rh1+ 0-1

[Event "Open Swiss 110th anniversary tournament"]
[Site "?"]
[Date "2020.02.09"]
[Round "3.10"]
[White "FM Daniel Andersen (DEN)"]
[Black "Paul Brøndal (DEN)"]
[Result "0-1"]
[WhiteElo "1806"]
[BlackElo "2074"]
[PlyCount "51"]
[EventDate "2020.??.??"]

1. c4 c6 2. Nf3 d5 3. b3 Nf6 4. g3 Bf5 5. Bg2 h6 6. d3 e6 7. O-O Be7 8. Bb2 O-O
9. Nbd2 Nbd7 10. Qc2 Bh7 11. Rad1 a5 12. a3 Nc5 13. Rfe1 Rc8 14. b4 axb4 15.
axb4 Na6 16. Qb3 Bxb4 17. Rb1 dxc4 18. Qxc4 b5 19. Qb3 c5 20. Ba3 Nd5 21. Bxb4
Naxb4 22. Rbc1 Qe7 23. e4 Nc7 24. d4 c4 25. Qa3 Ra8 26. Nb1 0-1

[Event "Open Swiss 110th anniversary tournament"]
[Site "?"]
[Date "2020.02.09"]
[Round "3.11"]
[White "Sibo Wu (CHN)"]
[Black "Henrik Friis (DEN)"]
[Result "1-0"]
[WhiteElo "2060"]
[BlackElo "1803"]
[PlyCount "61"]
[EventDate "2020.??.??"]

1. d4 d6 2. Nf3 Nf6 3. g3 Nbd7 4. Bg2 e5 5. c4 Be7 6. Nc3 O-O 7. O-O c6 8. Qc2
Qc7 9. e4 a6 10. a4 a5 11. h3 Nb8 12. Be3 Na6 13. Qe2 Bd7 14. Nh4 Rfe8 15. Kh2
g6 16. Rad1 Nh5 17. Nf5 Bf8 18. Qf3 Ng7 19. Nh6+ Kh8 20. Nxf7+ Kg8 21. d5 Be7
22. Nh6+ Kh8 23. Qe2 Rf8 24. f4 exf4 25. Rxf4 Nh5 26. Bd4+ Bf6 27. Bxf6+ Rxf6
28. Rxf6 Nxf6 29. e5 dxe5 30. d6 Qd8 31. Nf7+ 1-0

[Event "Open Swiss 110th anniversary tournament"]
[Site "?"]
[Date "2020.02.10"]
[Round "4.1"]
[White "GM Chongsheng Zeng (CHN)"]
[Black "IM Maxim Barth Stanford (NOR)"]
[Result "1-0"]
[WhiteElo "2567"]
[BlackElo "2339"]
[PlyCount "269"]
[EventDate "2020.??.??"]

1. c4 e5 2. Nc3 Nf6 3. Nf3 Nc6 4. d3 Bb4 5. Bd2 O-O 6. a3 Bxc3 7. Bxc3 e4 8.
dxe4 Nxe4 9. Qc2 Nxc3 10. Qxc3 d6 11. e3 Bf5 12. Be2 Qe7 13. O-O Rfe8 14. Rad1
Rad8 15. Rfe1 h6 16. h3 a6 17. b4 Ne5 18. Nd2 Qf6 19. e4 Bc8 20. Rf1 Nd7 21.
Qe3 b6 22. f3 Qh4 23. Qf2 Qe7 24. Rfe1 Bb7 25. Nf1 Ra8 26. Ne3 a5 27. Bf1 axb4
28. axb4 Qf6 29. Nf5 Red8 30. Rb1 h5 31. Rec1 g6 32. Ne3 Ra7 33. Nd5 Bxd5 34.
cxd5 g5 35. Rb3 Ne5 36. Rbc3 Rd7 37. g3 Ng6 38. h4 gxh4 39. f4 Kh7 40. Bh3 Re7
41. Bf5 Ra1 42. Qf3 Rxc1+ 43. Rxc1 hxg3 44. Qxg3 Qd4+ 45. Kh1 Rxe4 46. Rg1 Rxf4
47. Bxg6+ Kh8 48. Bf5 Rh4+ 49. Bh3 Qg4 50. Qc3+ Qd4 51. Qf3 Qe4 52. Qxe4 Rxe4
53. Rc1 Re7 54. Kg2 Kg7 55. Kf3 Kf6 56. Kf4 Re5 57. Bg2 Rf5+ 58. Kg3 Rg5+ 59.
Kh3 Rg4 60. b5 Rb4 61. Bf1 Ke5 62. Rxc7 f5 63. Rc6 Rb1 64. Be2 Rb2 65. Bxh5
Rxb5 66. Bf3 Rb2 67. Kg3 b5 68. Rc8 b4 69. Rc4 Rb3 70. Rh4 Rb1 71. Rc4 Rb3 72.
Rc8 Rc3 73. Re8+ Kd4 74. Kf4 b3 75. Rb8 Kc5 76. Bh1 Kd4 77. Kxf5 Rh3 78. Bg2
Rh2 79. Bf3 b2 80. Ke6 Kc5 81. Rc8+ Kd4 82. Rb8 Kc5 83. Be4 Re2 84. Kf5 Rf2+
85. Kg4 Kd4 86. Bf3 Kc3 87. Rc8+ Kd4 88. Rb8 Kc3 89. Kg3 Rf1 90. Be4 Kd4 91.
Rb4+ Kc3 92. Rb6 Kd4 93. Bh7 Kxd5 94. Rxb2 Rf6 95. Kg4 Rf1 96. Rd2+ Ke5 97.
Re2+ Kd4 98. Rd2+ Ke5 99. Bd3 Rf4+ 100. Kg3 Rf6 101. Be2 d5 102. Bf3 Rd6 103.
Kf2 d4 104. Re2+ Kf6 105. Rd2 Ke5 106. Be2 Rf6+ 107. Ke1 Ke4 108. Bc4 Rd6 109.
Re2+ Kf5 110. Kd2 Rd8 111. Kd3 Rd6 112. Rh2 Rd8 113. Rh5+ Kg4 114. Rh7 Kf5 115.
Rf7+ Ke5 116. Re7+ Kf5 117. Re1 Kf6 118. Bb5 Kf5 119. Bc6 Kf4 120. Be4 Kg3 121.
Rf1 Rd6 122. Rf8 Kg4 123. Kc4 Kg3 124. Kc5 Rd7 125. Bd5 Ra7 126. Rf3+ Kh2 127.
Kxd4 Ra4+ 128. Ke5 Ra5 129. Rd3 Ra4 130. Be4 Ra2 131. Kf4 Rb2 132. Rd1 Kh3 133.
Rd8 Kh2 134. Rh8+ Kg1 135. Rh1+ 1-0

[Event "Open Swiss 110th anniversary tournament"]
[Site "?"]
[Date "2020.02.10"]
[Round "4.2"]
[White "FM Mikkel M. Jacobsen (DEN)"]
[Black "GM Gukesh D (IND)"]
[Result "0-1"]
[WhiteElo "2315"]
[BlackElo "2542"]
[PlyCount "78"]
[EventDate "2020.??.??"]

1. d4 Nf6 2. Nf3 d5 3. Bf4 c5 4. e3 e6 5. Nbd2 Bd6 6. Bg3 O-O 7. c3 Qc7 8. Bxd6
Qxd6 9. Be2 Nc6 10. O-O e5 11. dxe5 Nxe5 12. c4 Be6 13. Qc2 dxc4 14. Nxe5 Qxe5
15. Nxc4 Qc7 16. Bf3 Rad8 17. Rac1 b6 18. h3 Nd5 19. a3 Rd7 20. Qe4 b5 21. Nd2
Rfd8 22. Nb3 Nf6 23. Qc2 Bc4 24. Rfd1 g6 25. Rxd7 Nxd7 26. Nd2 Be6 27. Be2 c4
28. b3 Nc5 29. bxc4 Rxd2 30. Qxd2 Nb3 31. Qc3 Nxc1 32. Qxc1 bxc4 33. Qc3 Qb6
34. Bd1 Qb1 35. Qc2 Bf5 36. Qd2 Qd3 37. Qc1 c3 38. Bf3 Qb1 39. Qxb1 Bxb1 0-1

[Event "Open Swiss 110th anniversary tournament"]
[Site "?"]
[Date "2020.02.10"]
[Round "4.3"]
[White "Jesper Schultz-Pedersen (DEN)"]
[Black "Thyra Kvendseth (NOR)"]
[Result "1/2-1/2"]
[WhiteElo "2058"]
[BlackElo "1889"]
[PlyCount "72"]
[EventDate "2020.??.??"]

1. e4 g6 2. Nc3 Bg7 3. f4 d6 4. Nf3 Nf6 5. Bc4 O-O 6. d3 Nc6 7. O-O Na5 8. Bb3
c5 9. Qe1 Nxb3 10. axb3 Nh5 11. f5 Nf6 12. fxg6 fxg6 13. Bg5 Bg4 14. Qh4 Qd7
15. Rae1 Rae8 16. Kh1 Nh5 17. h3 Bxf3 18. Rxf3 Rxf3 19. gxf3 Rf8 20. Qg4 e6 21.
Kg2 Be5 22. Ne2 Qf7 23. c3 Bf4 24. Nxf4 Nxf4+ 25. Bxf4 Qxf4 26. Qxf4 Rxf4 27.
d4 cxd4 28. cxd4 Rf7 29. Rc1 Kg7 30. Rc8 Rd7 31. Kf2 Kf6 32. Ke3 g5 33. f4
gxf4+ 34. Kxf4 e5+ 35. Ke3 Rg7 36. dxe5+ Kxe5 1/2-1/2

[Event "Open Swiss 110th anniversary tournament"]
[Site "?"]
[Date "2020.02.10"]
[Round "4.4"]
[White "IM Jacob Sylvan (DEN)"]
[Black "IM John Arni Nilssen (FAI)"]
[Result "1/2-1/2"]
[WhiteElo "2335"]
[BlackElo "2333"]
[PlyCount "52"]
[EventDate "2020.??.??"]

1. c4 g6 2. g3 Bg7 3. Bg2 e6 4. Nc3 Ne7 5. e4 c5 6. Nge2 Nbc6 7. d3 a6 8. h4 h5
9. Bg5 Rb8 10. a4 d6 11. Qd2 Qc7 12. O-O Nd4 13. Qd1 Nec6 14. Ra2 O-O 15. Nxd4
Nxd4 16. g4 hxg4 17. Qxg4 f5 18. exf5 gxf5 19. Qh5 Qf7 20. Qxf7+ Kxf7 21. f4
Rh8 22. Kf2 Bd7 23. Ne2 Bc6 24. Nxd4 Bxd4+ 25. Kg3 a5 26. Ra3 Bxg2 1/2-1/2

[Event "Open Swiss 110th anniversary tournament"]
[Site "?"]
[Date "2020.02.10"]
[Round "4.6"]
[White "Paul Brøndal (DEN)"]
[Black "FM Karsten Larsen (DEN)"]
[Result "1/2-1/2"]
[WhiteElo "2074"]
[BlackElo "2235"]
[PlyCount "52"]
[EventDate "2020.??.??"]

1. e4 e5 2. Nf3 Nc6 3. d4 exd4 4. Nxd4 Bc5 5. Nxc6 Qf6 6. Qf3 bxc6 7. Nd2 d6 8.
Nb3 Bb6 9. a4 a5 10. Bd2 Qxf3 11. gxf3 Ne7 12. Rg1 O-O 13. Be3 f5 14. Bxb6 cxb6
15. O-O-O fxe4 16. Rxd6 g6 17. fxe4 Rxf2 18. Bc4+ Kg7 19. Rd8 Ra7 20. Re8 Rf4
21. Rf1 Rxf1+ 22. Bxf1 Kf7 23. Rh8 Kg7 24. Re8 Kf7 25. Rh8 Kg7 26. Re8 Kf7
1/2-1/2

[Event "Open Swiss 110th anniversary tournament"]
[Site "?"]
[Date "2020.02.10"]
[Round "4.7"]
[White "Thore Nyboe Jensen (DEN)"]
[Black "Peter Thorsbro (DEN)"]
[Result "1-0"]
[WhiteElo "2006"]
[BlackElo "2159"]
[PlyCount "101"]
[EventDate "2020.??.??"]

1. e4 e5 2. Nf3 Nc6 3. Bc4 Nf6 4. Ng5 d5 5. exd5 Na5 6. Bb5+ c6 7. dxc6 bxc6 8.
Bd3 Be7 9. O-O h6 10. Ne4 Nxe4 11. Bxe4 O-O 12. d3 f5 13. Bf3 Qc7 14. Bd2 Bd7
15. Bc3 Rad8 16. Qe1 Nb7 17. Qxe5 Qxe5 18. Bxe5 Nd6 19. Re1 Rfe8 20. Nd2 g6 21.
g3 Nf7 22. Bc3 Nd6 23. Rxe7 Rxe7 24. Bf6 Rde8 25. Bxe7 Rxe7 26. Kf1 f4 27. Bg2
fxg3 28. hxg3 Kf7 29. Re1 Be6 30. Nb3 Nb5 31. c4 Nc7 32. Nd4 c5 33. Nc6 Re8 34.
Nxa7 Rb8 35. b3 Kf6 36. Ke2 Bf5 37. Kd2 Ne6 38. Kc3 g5 39. Nb5 Rd8 40. Bd5 h5
41. a4 h4 42. a5 Rd7 43. a6 Nc7 44. Nxc7 Rxc7 45. Re8 h3 46. d4 cxd4+ 47. Kxd4
Bd7 48. Rb8 h2 49. Rh8 Bc8 50. Rxh2 Bxa6 51. Rh6+ 1-0

[Event "Open Swiss 110th anniversary tournament"]
[Site "?"]
[Date "2020.02.10"]
[Round "4.8"]
[White "Dennis Jørgensen (DEN)"]
[Black "Christian C. Strachan (DEN)"]
[Result "1-0"]
[WhiteElo "2154"]
[BlackElo "1731"]
[PlyCount "81"]
[EventDate "2020.??.??"]

1. d4 d5 2. c4 c6 3. Nf3 Nf6 4. e3 a6 5. Bd3 e6 6. Nbd2 Nbd7 7. O-O Be7 8. b3
O-O 9. Bb2 c5 10. cxd5 exd5 11. Ne5 cxd4 12. exd4 Re8 13. Qc2 Nf8 14. Rfe1 Be6
15. Re3 Rc8 16. Qd1 Bd6 17. Ndf3 Ng4 18. Re2 f6 19. Nxg4 Bxg4 20. Rxe8 Qxe8 21.
h3 Bd7 22. Nh4 g6 23. Qd2 Qf7 24. Rc1 Re8 25. Qa5 Bc8 26. Bc3 Kg7 27. Bb4 Qd7
28. Bxd6 Qxd6 29. Rc7+ Kg8 30. Qc3 Re1+ 31. Bf1 Bd7 32. Rxb7 Qe7 33. Nf3 Rd1
34. Qc2 Ra1 35. a4 Qe6 36. Rc7 Qd6 37. Qc5 Qe6 38. Ra7 Qe2 39. Nh2 Qe6 40. Ng4
Kf7 41. Ne3 1-0

[Event "Open Swiss 110th anniversary tournament"]
[Site "?"]
[Date "2020.02.10"]
[Round "4.9"]
[White "Richard Lilja (DEN)"]
[Black "Sibo Wu (CHN)"]
[Result "0-1"]
[WhiteElo "2123"]
[BlackElo "2060"]
[PlyCount "156"]
[EventDate "2020.??.??"]

1. e4 c5 2. Nc3 Nc6 3. Bb5 Nd4 4. Bc4 e6 5. Nge2 Nf6 6. O-O a6 7. d3 b5 8. Bb3
Nxb3 9. axb3 Bb7 10. Bg5 d6 11. f4 Be7 12. Ng3 h6 13. Bxf6 Bxf6 14. Qe2 Bd4+
15. Kh1 h5 16. Qf3 g6 17. Nge2 Bg7 18. Ng1 Qc7 19. Qh3 b4 20. Nd1 d5 21. f5
gxf5 22. exf5 e5 23. f6 Bf8 24. Ne3 Qd7 25. Rf5 Bd6 26. Rxh5 Rxh5 27. Qxh5
O-O-O 28. Nf5 Bf8 29. Nf3 e4 30. dxe4 dxe4 31. Ne5 Qe6 32. Nxf7 Rd7 33. Ne7+
Bxe7 34. fxe7 Qxe7 35. Ne5 Rd5 36. Qg4+ Kb8 37. Nc4 Rg5 38. Qf4+ Ka7 39. Na5 e3
40. Nxb7 Kxb7 41. Qc4 Rg6 42. Re1 Rf6 43. Qe2 Qe5 44. h3 Rf2 45. Qg4 e2 46. Kg1
Rf1+ 47. Rxf1 Qe3+ 48. Kh2 exf1=N+ 49. Kh1 Ng3+ 50. Kh2 Nf1+ 51. Kh1 Qg3 52.
Qxg3 Nxg3+ 53. Kh2 Ne4 54. h4 Kc6 55. g4 Kd6 56. Kg2 Ke5 57. Kf3 a5 58. Ke3 Nd6
59. Kf3 c4 60. bxc4 Nxc4 61. b3 Nd6 62. Ke3 Nb5 63. h5 Kf6 64. Ke4 Kg7 65. Kd5
Na3 66. Ke6 Nxc2 67. h6+ Kxh6 68. Kf6 Kh7 69. Kf7 Nd4 70. g5 Nf5 71. Kf6 Ng7
72. Ke5 a4 73. Kd4 a3 74. Kc4 a2 75. Kxb4 a1=Q 76. Kb5 Qa8 77. b4 Qb7+ 78. Ka5
Kg6 0-1

[Event "Open Swiss 110th anniversary tournament"]
[Site "?"]
[Date "2020.02.10"]
[Round "4.10"]
[White "Sohum Lohia (ENG)"]
[Black "GM Jens Kristiansen (DEN)"]
[Result "0-1"]
[WhiteElo "2025"]
[BlackElo "2405"]
[PlyCount "142"]
[EventDate "2020.??.??"]

1. b3 e5 2. Bb2 Nc6 3. e3 g6 4. f4 Bg7 5. Nf3 d6 6. Bb5 Bd7 7. O-O Nge7 8. fxe5
Nxe5 9. Nxe5 dxe5 10. Bxd7+ Qxd7 11. Qf3 Nc6 12. Nc3 f5 13. Qd5 O-O-O 14. Qxd7+
Rxd7 15. d3 e4 16. dxe4 fxe4 17. Rad1 Rhd8 18. Rxd7 Rxd7 19. a3 Ne7 20. Rd1 Nd5
21. Rxd5 Rxd5 22. Nxd5 Bxb2 23. a4 Kd7 24. Kf2 Kd6 25. Nf4 a5 26. Ke2 Be5 27.
g3 Bc3 28. Nh3 h6 29. Nf2 Kd5 30. Nd1 Bb4 31. c3 Bd6 32. Kd2 c6 33. c4+ Ke6 34.
Nf2 Kf5 35. g4+ Ke5 36. h3 Be7 37. Kd1 Bh4 38. Ke2 Bxf2 39. Kxf2 Kd6 40. g5
hxg5 41. Kg3 Kc5 42. Kg4 Kb4 43. Kxg5 Kxb3 44. Kxg6 Kxa4 45. h4 b5 46. cxb5
cxb5 47. h5 b4 48. h6 b3 49. h7 b2 50. h8=Q b1=Q 51. Qd4+ Qb4 52. Qd1+ Ka3 53.
Kf5 Kb2 54. Kf4 a4 55. Qe2+ Kc3 56. Qe1+ Kc4 57. Qe2+ Kc5 58. Qh5+ Kb6 59. Qg6+
Ka5 60. Qg5+ Qb5 61. Qd8+ Kb4 62. Qd2+ Ka3 63. Qd6+ Qb4 64. Qd1 Qc3 65. Kxe4
Qb3 66. Qe2 Kb4 67. Kf5 Qd5+ 68. Kf6 a3 69. Qe1+ Ka4 70. Qh4+ Kb3 71. e4 Qd8+
0-1